| 000 | 00509nam a2200181Ia 4500 | ||
|---|---|---|---|
| 003 | OSt | ||
| 005 | 20240930095632.0 | ||
| 008 | 210210b1956 xxu||||| |||| 00| 0 eng d | ||
| 040 | _cAL | ||
| 041 | _akan | ||
| 082 | _a859/251 | ||
| 100 |
_aUDAYA SHANKARA _9148537 _d ಉದಯ ಶಂಕರ |
||
| 245 |
_aChandrikeya cheluvinalli: _bಚಂದ್ರಿಕೆಯ ಚೆಲುವಿನಲ್ಲಿ |
||
| 260 |
_aBengaluru _b- _c1956 |
||
| 690 |
_aKannada Fiction _9148538 |
||
| 906 | _a021124 | ||
| 942 |
_2ddc _cBK |
||
| 999 |
_c145186 _d145186 |
||